On targets (Record no. 72368)

MARC details
000 -LEADER
fixed length control field 00974cam a2200229 4500
001 - CONTROL NUMBER
control field X121764
008 - FIXED-LENGTH DATA ELEMENTS--GENERAL INFORMATION
fixed length control field 030327n2003 000 0 eng u
035 ## - SYSTEM CONTROL NUMBER
System control number (Sirsi) u121764
100 ## - MAIN ENTRY--PERSONAL NAME
Personal name Latham, M.
245 ## - TITLE STATEMENT
Title On targets
260 ## - PUBLICATION, DISTRIBUTION, ETC.
Date of publication, distribution, etc. 2003
490 ## - SERIES STATEMENT
Series statement Building
Volume/sequential designation 258(8273) 7 March 2003, 33(1)
520 ## - SUMMARY, ETC.
Summary, etc. Discusses the strategic forum for the construction industry. Argues the forum needs to communicate more with clients to achieve its objectives. The need to create integrated teams is best done through partnering but with the emphasis on delivery. This could be best achieved with a clients' forum. Warns against the client being separated from the process and then proceeding to do the job in the cheapest way.
650 ## - SUBJECT ADDED ENTRY--TOPICAL TERM
Topical term or geographic name entry element STRATEGIC FORUM FOR CONSTRUCTION
650 ## - SUBJECT ADDED ENTRY--TOPICAL TERM
Topical term or geographic name entry element EGAN REFORMS
650 ## - SUBJECT ADDED ENTRY--TOPICAL TERM
Topical term or geographic name entry element LATHAM REFORMS
650 ## - SUBJECT ADDED ENTRY--TOPICAL TERM
Topical term or geographic name entry element CONSTRUCTION PROJECTS
650 ## - SUBJECT ADDED ENTRY--TOPICAL TERM
Topical term or geographic name entry element EGAN REFORMS
650 ## - SUBJECT ADDED ENTRY--TOPICAL TERM
Topical term or geographic name entry element LORD ROGERS
690 ## - LOCAL SUBJECT ADDED ENTRY--TOPICAL TERM (OCLC, RLIN)
Topical term or geographic name as entry element Procurement
9 (RLIN) 6260
942 ## - ADDED ENTRY ELEMENTS (KOHA)
Suppress in OPAC 0
Holdings
Withdrawn status Lost status Source of classification or shelving scheme Damaged status Not for loan Home library Current library Shelving location Date acquired Total Checkouts Full call number Barcode Date last seen Copy number Price effective from Koha item type
    Dewey Decimal Classification     London London Journal article 27/03/2003   X121764 121764-1001 06/08/2019 1 06/08/2019 Journal article